Vplyv krízy na medzinárodný obchod diplomová práca

Saved in:
Bibliographic Details
Main Author: Tomaščíková, Zuzana
Corporate Author: Obchodná fakulta EU. Katedra medzinárodného obchodu
Other Authors: Knapik, Peter
Format: Book
Language:Slovak
Published: Bratislava 2013
Tags: Add Tag
No Tags, Be the first to tag this record!

MARC

LEADER 00000nbm a2200000 4500
001 0169554
005 20161109102311.7
041 0 |a slo 
044 |a SK 
245 1 0 |a Vplyv krízy na medzinárodný obchod  |b diplomová práca  |c Zuzana Tomaščíková ; školiteľ: Peter Knapik 
264 1 |a Bratislava  |c 2013 
300 |a 78 s. 
100 1 |a Tomaščíková, Zuzana 
700 1 |a Knapik, Peter 
710 2 |a Obchodná fakulta EU. Katedra medzinárodného obchodu